Подробности
| 000 -МАРКЕР |
| контрольное поле |
02550nam0a2200373 4500 |
| 001 - ИДЕНТИФИКАТОР ЗАПИСИ |
| контрольное поле |
RU\NLR\bibl\1154273 |
| 005 - ИДЕНТИФИКАТОР ВЕРСИИ |
| контрольное поле |
20260408075504.0 |
| 010 ## - МЕЖДУНАРОДНЫЙ СТАНДАРТНЫЙ НОМЕР КНИГИ (ISBN) |
| Номер (ISBN) |
978-5-903058-92-1 |
| Тираж |
5000 |
| 021 ## - НОМЕР ГОСУДАРСТВЕННОЙ РЕГИСТРАЦИИ |
| Код страны |
Российская Федерация |
| Номер |
2007-67336 |
| Номер Листа государственной регистраци |
3610 |
| 035 ## - ДРУГИЕ СИСТЕМНЫЕ НОМЕРА |
| Идентификатор записи |
(NLR Aleph) 001141055 |
| 100 ## - ДАННЫЕ ОБЩЕЙ ОБРАБОТКИ |
| Данные общей обработки |
20071115d2008 |||y0rusy50 ca |
| 101 0# - ЯЗЫК РЕСУРСА |
| Язык текста, звукозаписи и т.д. |
русский |
| 102 ## - СТРАНА ПУБЛИКАЦИИ ИЛИ ПРОИЗВОДСТВА |
| Страна публикации |
Российская Федерация |
| 105 ## - ПОЛЕ КОДИРОВАННЫХ ДАННЫХ: ТЕКСТОВЫЕ МАТЕРИАЛЫ, МОНОГРАФИЧЕСКИЕ |
| Кодированные данные о монографическом текстовом документе |
y ||||||||| |
| 200 1# - ЗАГЛАВИЕ И СВЕДЕНИЯ ОБ ОТВЕТСТВЕННОСТИ |
| Основное заглавие |
Себестоимость продукции, работ и услуг: бухгалтерская и налоговая |
| Сведения, относящиеся к заглавию |
как совместить бухгалтерский учет с налоговым, все отраслевые особенности, комментарии к составу затрат |
| -- |
практические примеры, арбитражная практика, оформление документов |
| -- |
практические рекомендации |
| Первые сведения об ответственности |
Ассоц. бухгалтеров, аудиторов и консультантов |
| Последующие сведения об ответственности |
под общ. ред. Г.Ю. Касьяновой |
| 205 ## - СВЕДЕНИЯ ОБ ИЗДАНИИ |
| Сведения об издании |
[Ориг. изд.] |
| 210 ## - ПУБЛИКАЦИЯ, РАСПРОСТРАНЕНИЕ И ДР. |
| Место издания, распространения и т.д. |
Москва |
| Имя издателя, распространителя и т. д. |
Аргумент |
| -- |
Ассоциация бухгалтеров, аудиторов и консультантов (АБАК) |
| Дата издания, распространения и т.д. |
2008 [т.е. 2007] |
| 215 ## - ФИЗИЧЕСКАЯ ХАРАКТЕРИСТИКА |
| Специфическое обозначение материала и объем |
298, [6] с. |
| Размеры |
21 |
| Сопроводительный материал |
1 электрон. опт. диск (CD-ROM) |
| 225 1# - СЕРИЯ |
| Основное заглавие серии |
Практические рекомендации для бухгалтера и руководителя |
| Сведения об ответственности |
под ред. Г.Ю. Касьяновой |
| 225 1# - СЕРИЯ |
| Основное заглавие серии |
Настольная книга |
| 300 ## - ОБЩИЕ ПРИМЕЧАНИЯ |
| Текст примечания |
Кн. фактически издана в 2007 г. |
| 316 ## - ПРИМЕЧАНИЯ ОБ ОСОБЕННОСТЯХ ЭКЗЕМПЛЯРА |
| Текст примечания |
CD-ROM отсутствует |
| Организация и экземпляр, к которому относится поле |
NLR |
| 606 1# - НАИМЕНОВАНИЕ ТЕМЫ КАК ПРЕДМЕТ |
| Наименование темы |
Себестоимость продукции |
| Формальный подзаголовок |
Практические пособия |
| Тематический подзаголовок |
Бухгалтерский учет |
| Географический подзаголовок |
Российская Федерация |
| Системный номер авторитетной/нормативной записи |
2155332 |
| Идентификатор авторитетной/нормативной записи |
RU\NLR\auth\661297591 |
| 606 1# - НАИМЕНОВАНИЕ ТЕМЫ КАК ПРЕДМЕТ |
| Наименование темы |
Себестоимость продукции |
| Формальный подзаголовок |
Практические пособия |
| Тематический подзаголовок |
Налоговый учет |
| Географический подзаголовок |
Российская Федерация |
| Системный номер авторитетной/нормативной записи |
2325535 |
| Идентификатор авторитетной/нормативной записи |
RU\NLR\auth\661391018 |
| 686 ## - ИНДЕКСЫ ДРУГИХ КЛАССИФИКАЦИЙ |
| Индекс |
У052.9(2)2-148.6я7 |
| 686 ## - ИНДЕКСЫ ДРУГИХ КЛАССИФИКАЦИЙ |
| Индекс |
У052.9(2)226.141.3-148.6я7 |
| 702 #1 - ИМЯ ЛИЦА - ВТОРИЧНАЯ ОТВЕТСТВЕННОСТЬ |
| Код отношения |
Редактор |
| Графика поля |
Кириллица |
| Материалы, к которым относится поле |
rus |
| Начальный элемент ввода |
Касьянова |
| Часть имени, кроме начального элемента ввода |
Г. Ю. |
| Расширение инициалов личного имени |
Галина Юрьевна |
| Системный номер авторитетной/нормативной записи |
1040 |
| Идентификатор авторитетной/нормативной записи |
RU\NLR\auth\7717956 |
| 712 02 - НАИМЕНОВАНИЕ ОРГАНИЗАЦИИ - ВТОРИЧНАЯ ОТВЕТСТВЕННОСТЬ |
| Код отношения |
Прочие |
| Начальный элемент ввода |
Ассоциация бухгалтеров, аудиторов и консультантов |
| Идентифицирующий признак |
Москва |
| Системный номер авторитетной/нормативной записи |
649310 |
| Идентификатор авторитетной/нормативной записи |
RU\NLR\AUTH\8810073648 |
| 801 #0 - ИСТОЧНИК ЗАПИСИ |
| Страна |
Российская Федерация |
| Организация |
NLR |
| Дата составления |
20071115 |
| Правила каталогизации |
RCR |
| 801 #1 - ИСТОЧНИК ЗАПИСИ |
| Страна |
Российская Федерация |
| Организация |
NLR |
| Дата составления |
20071115 |
| 942 ## - ДОПОЛНИТЕЛЬНЫЕ ЭЛЕМЕНТЫ ЗАПИСИ (АБИС) |
| Тип экземпляра АБИС |
Книга |
| 980 ## - КОЛЛЕКЦИЯ |
| Название коллекции |
Национальная библиография |